000 00633nam a2200241 a 4500
001 0001-1187
003 ELIB.Books
008 150511 2010 eng
020 _a13: 9781844740802
035 _a(ELIB.Books)0001-1342
092 _a200
_bGla
100 _aGlaser, Ida.
245 _aThe Bible and Other Faiths
_bWhat Does The Lord Require of Us?
260 _aLeicester
_bInter Versity Press
_c2005
300 _a253
_c19.5 Cm
500 _aLibrary
650 _aReligion
856 _nKBTS: Library
_uKBTS: Elib
942 _2ddc
_cBK
990 _a1
998 _cbat
_e2015-05-11
999 _c11187
_d11187